00474 2200181 4500001002100000005001500021008004100036020001800077035001900095082001200114090001800126100002000144245002600164260003600190300002000226990002300246990002300269INLIS00000000000856720241224113654241224||||||||| | ||| |||| ||  a979-8394-59-3 0010-12240085670 a297.114 a297.114 SAL m0 aIrwan Kurniawan00aMukjizat Shalat Malam aBandungbPenerbit Mizaniac2007 a266 hlm.; 21 cm a05.17.01.03.05.001 a05.17.01.03.02.002